1278 1538 1109 1461 1044 1033 1243 1315 1163 1426 1675 1136 1210 1608 1474 1051 1564 1725 1242 1764 1787 1049 1393 1998 1974 1846 1708 1059 1321 1767 1695 1548 1408 1932 1459 1938 1492 1275 1352 1442 1697 1974 1269 1322 1700 1386 1908 1654 1207 1967 1281 1913 1892 1659 1461 1569 1389 1563 1576 1250 1975 1671 1571 1198 1911 1445 1068 1965 1547 1203 1726 1166 1315 1774 1616 1167 1660 1473 1163 1008 1837 1264 1813 1866 1853 1368 1842 1693 1264 1048 1490 1471 1054 1379 1616 1291 1843 1357 1785 BCNSPRNW ULIB Ver.6.0+V

เปลี่ยนเป็นภาษาไทย

Change to English
 แสดงรายละเอียดบรรณานุกรม
  กลับหน้าหลัก

Brief Record : Get Marc (ISO 2709) : E-mail record : QR code < ปิดหน้าต่าง
LEADER : 00000nam 2200000uu 4500
001    13399112382
003     ULIB
008    110810s2550||||th 000 0 tha d
020    9789744348227
090    นว.^bท339ด 2550
100 0  ทักษิณา
245 00 ดวงใจลิขิตรัก/^cทักษิณา
250    พิมพ์ครั้งที่ 1
260    กรุงเทพฯ:^bฟิสิกส์เซ็นเตอร์,^c2550
300    277 หน้า
710 1  ฟิสิกส์เซ็นเตอร์
945    ^p180^l0^i14056
995    กัณชพร
999 ^a ใช้งานได้ทุกระบบ
รายการนี้ยังไม่มีแท็ก
คุณยังไม่ได้ล็อกอิน คุณสามารถมีกิจกรรมร่วมกับเว็บไซต์ได้ แต่ต้องล็อกอินก่อน ::
  ล็อกอิน

รายการสื่อสารสนเทศ

ลำดับที่ ประเภท เลขเรียก/บาร์โค้ด สถานที่ สถานะ
1. นวนิยาย
นวนิยาย
นว. ท339ด 2550  
  Barcode: 14056
ห้องสมุดวิทยาเขตสวรรค์ประชารักษ์
►นวนิยาย
บนชั้น
  ขอยืม

รายการใกล้เคียง
    ผู้แต่ง [ทักษิณา]

BibComment


ยังไม่เคยถูกคอมเมนท์

คอมเมนท์ทรัพยากรรายการนี้
  คอมเมนท์: ดวงใจลิขิตรัก ทัก..


 Copyright 2026. Bcnsprnw @Library